| 000 | 00666nam a2200229 a 4500 | ||
|---|---|---|---|
| 999 |
_c3874 _d3874 |
||
| 001 | 3874 | ||
| 003 | BD-JhCC | ||
| 005 | 20171213132057.0 | ||
| 008 | 171119s2008 bg a|||| |||| 00| 0 ben d | ||
| 020 | _a984700220093X | ||
| 035 | _a(BD-JhCC)3874 | ||
| 040 |
_aBD-JhCC _dBD-JhCC |
||
| 041 | _aben | ||
| 082 |
_a910.4 _bSUV 2008 |
||
| 100 | _aশুভ্র, উৎপল | ||
| 245 |
_aনিউজিল্যান্ড : _bশহর থেকে শহরে / _cউৎপল শুভ্র |
||
| 260 |
_aঢাকা : _bসূচীপত্র, _c2008. |
||
| 300 |
_a35 p. : _billu; _c18 cm. |
||
| 650 | _aTravelogus | ||
| 942 |
_2ddc _cBK |
||